| 000 | 00000nam##2200000za#4500 |
| 001 | 9.687782 |
| 003 | CaOODSP |
| 005 | 20210624231130 |
| 007 | cr ||||||||||| |
| 008 | 150407|2005||||xxc|||||o f|0| 0 eng|d |
| 020 | |a0-662-41590-6 |
| 040 | |aCaOODSP|beng |
| 043 | |an-cn--- |
| 086 | 1 |aHS24-25/2005E-PDF |
| 110 | 1 |aCanada. |bHuman Resources and Skills Development Canada. |bLabour Program. |
| 245 | 10|aProtect your lungs! |h[electronic resource] |
| 260 | |aOttawa - Ontario : |bHuman Resources and Skills Development Canada. |cc2005. |
| 300 | |a14p.|bphotographs |
| 500 | |aThe catalogue number (HS24-25/2005) and ISBN (0-662-69293-4) for the bilingual print edition have been incorrectly copied in this electronic publication. |
| 504 | |aBibliography. |
| 590 | |a13-14-Supp|b2013-05-30 |
| 775 | 08|tProtégez vos poumons! |w(CaOODSP)9.632223 |
| 794 | |tProtect your lungs! |w(CaOODSP)9.876747 |
| 856 | 40|ahttp://publications.gc.ca|qPDF|s101 KB|uhttps://publications.gc.ca/collections/collection_2013/rhdcc-hrsdc/HS24-25-2005-eng.pdf |
| 986 | |aLT-168-10-05 |